ARRUPE JESUIT UNIVERSITY

CORONAVIRUS -STOP THE SPREAD - CLEAN,DISINFECT,COVER

Ubuntu : (Record no. 117897)

MARC details
000 -LEADER
fixed length control field 01407cam a2200337 a 4500
001 - CONTROL NUMBER
control field 15635772
003 - CONTROL NUMBER IDENTIFIER
control field ARRUPE
005 - DATE AND TIME OF LATEST TRANSACTION
control field 20150130020007.0
008 - FIXED-LENGTH DATA ELEMENTS--GENERAL INFORMATION
fixed length control field 090224s2009 nyu b 000 0 eng
010 ## - LIBRARY OF CONGRESS CONTROL NUMBER
LC control number 2009007957
020 ## - INTERNATIONAL STANDARD BOOK NUMBER
International Standard Book Number 9781596271111 (pbk.)
020 ## - INTERNATIONAL STANDARD BOOK NUMBER
International Standard Book Number 1596271116 (pbk.)
020 ## - INTERNATIONAL STANDARD BOOK NUMBER
International Standard Book Number 9781596271135 (hardcover)
020 ## - INTERNATIONAL STANDARD BOOK NUMBER
International Standard Book Number 1596271132 (hardcover)
035 ## - SYSTEM CONTROL NUMBER
System control number (OCoLC)ocn310081502
040 ## - CATALOGING SOURCE
Original cataloging agency DLC
Transcribing agency DLC
Modifying agency YDX
-- YDXCP
-- BTCTA
-- DLC
050 00 - LIBRARY OF CONGRESS CALL NUMBER
Classification number B5315.U28
Item number B38 2009
300 ## - PHYSICAL DESCRIPTION
Dimensions 21 cm.
100 1# - MAIN ENTRY--PERSONAL NAME
Personal name Battle, Michael,
Dates associated with a name 1963-
9 (RLIN) 631
245 10 - TITLE STATEMENT
Title Ubuntu :
Remainder of title I in you and you in me /
Statement of responsibility, etc Michael Battle ; foreword by Archbishop Desmond Tutu.
260 ## - PUBLICATION, DISTRIBUTION, ETC. (IMPRINT)
Place of publication, distribution, etc New York :
Name of publisher, distributor, etc Seabury Books,
Date of publication, distribution, etc c2009.
300 ## - PHYSICAL DESCRIPTION
Extent viii, 166 p. ;
504 ## - BIBLIOGRAPHY, ETC. NOTE
Bibliography, etc Includes bibliographical references (p. 155-166).
505 0# - FORMATTED CONTENTS NOTE
Formatted contents note A fish doesn't know it's wet -- Christian theology of Ubuntu -- How Ubuntu can be a gift to the West -- How the West can be a gift to Ubuntu -- Cultivating Ubuntu.
650 #0 - SUBJECT ADDED ENTRY--TOPICAL TERM
Topical term or geographic name as entry element Ubuntu (Philosophy)
9 (RLIN) 632
650 #0 - SUBJECT ADDED ENTRY--TOPICAL TERM
Topical term or geographic name as entry element Philosophy, African.
9 (RLIN) 633
650 #0 - SUBJECT ADDED ENTRY--TOPICAL TERM
Topical term or geographic name as entry element Christianity
Geographic subdivision Africa.
9 (RLIN) 634
650 #0 - SUBJECT ADDED ENTRY--TOPICAL TERM
Topical term or geographic name as entry element Christianity
General subdivision Philosophy.
9 (RLIN) 635
906 ## - LOCAL DATA ELEMENT F, LDF (RLIN)
a 7
b cbc
c orignew
d 1
e ecip
f 20
g y-gencatlg
942 ## - ADDED ENTRY ELEMENTS (KOHA)
Source of classification or shelving scheme Library of Congress Classification
Koha item type Monograph ( Printed materials)
Koha issues (borrowed), all copies 8
Holdings
Withdrawn status Lost status Source of classification or shelving scheme Damaged status Not for loan Home library Current library Shelving location Date acquired Total Checkouts Full call number Barcode Date last seen Date checked out Price effective from Koha item type
    Library of Congress Classification     ARRUPE LIBRARY ARRUPE LIBRARY Main Collection 18/09/2013 43 B5315.U28 B38 2009 46408883 14/05/2024 29/04/2024 18/09/2013 Monograph ( Printed materials)

 

Arrupe Library. PO Box MP320 Mt Pleasant, Harare, Zimbabwe
263 242 745411|librarian@aju.ac.zw